La prensa como arena política : (Record no. 190873)
[ view plain ]
| 000 -CABECERA | |
|---|---|
| campo de control de longitud fija | 00772nam a2200229 u 4500 |
| 005 - FECHA Y HORA DE LA ÚLTIMA TRANSACCIÓN | |
| campo de control | 20240221063653.0 |
| 008 - ELEMENTOS DE LONGITUD FIJA--INFORMACIÓN GENERAL | |
| campo de control de longitud fija | 170615s2015 r 000 0 eng d |
| 020 ## - NÚMERO INTERNACIONAL NORMALIZADO PARA LIBROS | |
| Número Internacional Estándar del Libro | 9786079475024 |
| 035 ## - NÚMERO DE CONTROL DEL SISTEMA | |
| Número de control de sistema | UPN01000218773 |
| 049 ## - COLECCIÓN | |
| Colección | CG |
| 050 #4 - SIGNATURA TOPOGRÁFICA DE LA BIBLIOTECA DEL CONGRESO | |
| Número de clasificación | PN4974 M3.7 |
| Número de documento/Ítem | R5.6 |
| 100 1# - ASIENTO PRINCIPAL--NOMBRE PERSONAL | |
| Nombre de persona | Ríos A., Arturo D. |
| 9 (RLIN) | 40740 |
| 245 13 - MENCIÓN DE TÍTULO | |
| Título | La prensa como arena política : |
| Resto del título | el polémico retorno de Leonardo Márquez a México ,1895 / |
| Mención de responsabilidad, etc. | Arturo D. Ríos A. |
| 260 ## - PUBLICACIÓN, DISTRIBUCIÓN, ETC. | |
| Lugar de publicación, distribución, etc. | México : |
| Nombre del editor, distribuidor, etc. | Instituto Mora : |
| -- | CONACYT, |
| Fecha de publicación, distribución, etc. | 2015. |
| 300 ## - DESCRIPCIÓN FÍSICA | |
| Extensión | 170 p. |
| 440 #0 - MENCIÓN DE SERIE/ASIENTO SECUNDARIO--TÍTULO | |
| Título | Historia política |
| 600 14 - ASIENTO SECUNDARIO DE MATERIA - NOMBRE PERSONAL | |
| Nombre de persona | MARQUEZ, LEONARDO, |
| Fechas asociadas al nombre | 1820-1913 |
| 9 (RLIN) | 26072 |
| 650 #4 - ASIENTO SECUNDARIO DE MATERIA - TERMINO TEMATICO | |
| Término de materia o nombre geográfico como elemento de entrada | PRENSA Y POLITICA - |
| Subdivisión geográfica | MEXICO - |
| Subdivisión general | HISTORIA |
| 9 (RLIN) | 4265 |
| 651 #4 - ASIENTO SECUNDARIO DE MATERIA - NOMBRE GEOGRAFICO | |
| Nombre geográfico | México |
| Subdivisión general | Política y gobierno |
| Subdivisión cronológica | Siglo XIX |
| 9 (RLIN) | 20154 |
| 905 ## - TIPO DE MATERIAL | |
| Tipo de material | Libro |
| Estado de retiro | Estado de pérdida | Fuente del sistema de clasificación o colocación | Estado dañado | No para préstamo | Código de colección | Localización permanente | Ubicación/localización actual | Ubicación en estantería | Total de préstamos | Clasificación | Código de barras | Fecha visto por última vez | Número de copia | Tipo de ítem Koha |
|---|---|---|---|---|---|---|---|---|---|---|---|---|---|---|
| Library of Congress Classification | Colección General | Bib. Gregorio Torres Quintero | Bib. Gregorio Torres Quintero | Planta baja | PN4974 M3.7 R5.6 | 317223 | 31/12/2020 | 1 | Libro |
